LEADER 00996nam0-22002891i-450- 001 990006222610403321 005 19980601 035 $a000622261 035 $aFED01000622261 035 $a(Aleph)000622261FED01 035 $a000622261 100 $a19980601d1963----km-y0itay50------ba 105 $a--------00-yy 200 1 $a<>Einfluss des franzosischen Verwaltungsrecht auf den Rechtsschutz in den europaischen Gemeinschaften$fPeter Becker. 210 $aHamburg$cHansischer Gildenverlag$d1963 215 $a148 p.$d24 cm 225 1 $a"Universitat Kiel. Veroffentlichungen des Instituts fur internationales Recht...$v45 676 $a340.02 700 1$aBecker,$bPeter$0406629 801 0$aIT$bUNINA$gRICA$2UNIMARC 901 $aBK 912 $a990006222610403321 952 $aUNIV. 157 (45$b95109$fFGBC 959 $aFGBC 996 $aEinfluss des franzosischen Verwaltungsrecht auf den Rechtsschutz in den europaischen Gemeinschaften$9637183 997 $aUNINA DB $aGIU01 LEADER 01270nam0-2200313---450- 001 990008648370403321 005 20091222092817.0 020 $aIT$b1950 7999 035 $a000864837 035 $aFED01000864837 035 $a(Aleph)000864837FED01 035 $a000864837 100 $a20080417d1950----km-y0itay50------ba 101 0 $aita 102 $aIT 105 $ay-------001yy 200 1 $aImposta straordinaria progressiva sul patrimonio e imposta straordinaria proporzionale sul patrimonio delle società e degli enti morali$etitolo 1. e 2. del T. U. approvato con decreto del Presidente della Repubblica 9 maggio 1950, n. 203$eraccolta organica delle circolari ministeriali 210 $aRoma$cIst. poligr. dello Stato, Libreria$d1950 215 $a326 p.$d21 cm 300 $aMinistero delle Finanze, Direzione Generale per la Finanza straordinaria 676 $a343.04$v11 rid.$zita 710 02$aItalia.$bMinistero delle finanze$0356818 801 0$aIT$bUNINA$gRICA$2UNIMARC 901 $aBK 912 $a990008648370403321 952 $aH 79/B$bs.i.$fDSS 959 $aDSS 996 $aImposta straordinaria progressiva sul patrimonio e imposta straordinaria proporzionale sul patrimonio delle società e degli enti morali$9716654 997 $aUNINA